Catálogo

Oración en honor de los primitivos héroes patricios / (Registro nro. 52551)

Detalles MARC
000 -LEADER
fixed length control field 01277cam a2200301 i 4500
001 - CONTROL NUMBER
control field 52551
003 - CONTROL NUMBER IDENTIFIER
control field Mx-PuUPA
005 - DATE AND TIME OF LATEST TRANSACTION
control field 20221205104219.0
008 - FIXED-LENGTH DATA ELEMENTS--GENERAL INFORMATION
fixed length control field 140415s2003 mx h r 000 0 spa d
040 ## - CATALOGING SOURCE
Description conventions rda
Original cataloging agency Mx-PuUPA
Language of cataloging spa
Transcribing agency Mx-PuUPA
Modifying agency Mx-PuUPA
041 0# - LANGUAGE CODE
Language code of text/sound track or separate title spa
100 1# - MAIN ENTRY--PERSONAL NAME
Personal name Guevara, José María,
Relator term autor
245 10 - TITLE STATEMENT
Title Oración en honor de los primitivos héroes patricios /
Statement of responsibility, etc. Fray José María Guevara ; introducción y paleografía, Julio César Reyes Aquino.
250 ## - EDITION STATEMENT
Edition statement Conmemorativa
264 #1 - PRODUCTION, PUBLICATION, DISTRIBUTION, MANUFACTURE, AND COPYRIGHT NOTICE
Place of production, publication, distribution, manufacture Guanajuato, Gto. :
Name of producer, publisher, distributor, manufacturer Archivo General del Gobierno del Estado de Guanajuato,
Date of production, publication, distribution, manufacture, or copyright notice 2003
300 ## - PHYSICAL DESCRIPTION
Extent 21 páginas, 11 páginas sin numerar :
Other physical details facsímil ;
Dimensions 22 cm.
336 ## - CONTENT TYPE
Content type term texto
Fuente rdacontent
Content type code txt
337 ## - MEDIA TYPE
Media type term sin medio
Source rdamedia
Media type code n
338 ## - CARRIER TYPE
Carrier type term volumen
Source rdacarrier
Carrier type code nc
500 ## - GENERAL NOTE
General note Incluye la versión facsímil del discurso
500 ## - GENERAL NOTE
General note "Edición conmemorativa, 2003 año de Don Miguel Hidalgo y Costilla Padre de la Patria"
650 #7 - SUBJECT ADDED ENTRY--TOPICAL TERM
Topical term or geographic name entry element México
General subdivision Historia
Chronological subdivision Guerra de Independencia, 1810-1821
General subdivision Fuentes
Source of heading or term armarc
650 #7 - SUBJECT ADDED ENTRY--TOPICAL TERM
Topical term or geographic name entry element Revolucionarios
Geographic subdivision México
General subdivision Historia
-- Fuentes
Source of heading or term armarc
700 1# - ADDED ENTRY--PERSONAL NAME
Personal name Reyes Aquino, Julio César,
Relator term prologuista
-- paleógrafo
942 ## - ADDED ENTRY ELEMENTS (KOHA)
Source of classification or shelving scheme Dewey Decimal Classification
Koha item type Libro
Classification part 972
Item part G924
Existencias
Withdrawn status Lost status Source of classification or shelving scheme Damaged status Not for loan Collection code Home library Current library Shelving location Date acquired Source of acquisition Total Checkouts Full call number Barcode Price effective from Koha item type
    Dewey Decimal Classification   Consulta en sala Referencia Biblioteca Karol Wojtyla Biblioteca Karol Wojtyla Referencia 03/12/2013 Compra   972 GUE 2003 78071 10/07/2018 Folleto